Právo I

Bibliographic Details
Main Author: Žilinčík, Peter (Author)
Format: Book
Language:Slovak
PhysicalDescription:[85] s. 21 cm
Published: V Dubnici nad Váhom Dubnický technologický inštitút [2014]
ISBN:9788089732432
Series:Vysokoškolské učebné texty
Subjects:

MARC

LEADER 00000nam a2200000 a 4500
001 vtls011615881
003 SK-MaSNL
005 20260302015432.0
008 240313s2014 xo e np 000 0 slo
015 |a SNBA2017/03 
020 |a 9788089732432  |q (brož.) 
035 |a urn:nbn:sk:snk-am00d5ln 
035 |a urn:nbn:sk:snk-am3hqgo 
035 |a 4A30C4F3-E14F-434B-8CD6-7797A3FE2475 
040 |a SNK  |b slo  |c SNK  |e AACR2 
041 0 |a slo 
044 |a xo  |c SK 
072 7 |a 34  |x Právo  |2 konspekt 
080 |a 34  |2 2011 
080 |a (075.8)  |2 2011 
100 1 |a Žilinčík, Peter  |4 aut  |9 661154 
245 1 0 |a Právo I  |c Peter Žilinčík 
260 |a V Dubnici nad Váhom  |b Dubnický technologický inštitút  |c [2014] 
300 |a [85] s.  |c 21 cm 
366 |e 65 výtlačkov 
490 1 |a Vysokoškolské učebné texty  |v č. 10/2015 
500 |a Názov z obalu 
504 |a Bibliografické odkazy 
650 0 7 |a právo  |2 SNKPH  |9 976 
650 0 7 |a Law  |2 SNKPHeng  |9 265417 
655 7 |a učebnice vysokých škôl  |2 SNKPH  |9 70191 
655 7 |a Textbooks (higher)  |2 SNKPHeng  |9 276436 
752 |a Slovensko  |d Dubnica nad Váhom 
830 0 |a Vysokoškolské učebné texty  |9 276539 
919 |a 978-80-89732-43-2 
958 |a NB 
999 |c 1021113  |d 1023043 
952 |a SNK  |b SNK  |y PREZ  |7 0  |p 17A1254667  |o snkSC 173547  |i snk2017/6110  |8 0  |0 0  |1 0  |4 0  |d 2017-03-06  |f 1  |l 0  |r 2025-09-11 00:00:00  |w 2026-02-24 
952 |a SNK  |b SNK  |y VYP  |7 0  |p 17A1254668  |o snkSC 173547 D1  |i snk2017/6111  |8 0  |0 0  |1 0  |4 0  |d 2017-03-06  |l 0  |r 2026-02-24 13:23:39  |w 2026-02-24